000 01001nam a2200277Ia 4500
003 OSt
005 20221005110608.0
006 a|||||r|||| 00| 0
007 ta
008 221004b |||||||| |||| 00| 0 hin d
020 _a9789326350563 (hbk)
_c120
024 _a8383
037 _b218, 28/11/2013, Eastern Book Linkers
_cTextual
040 _aCRL
_cCRL
_bhin
041 _2hin
_ahin
082 _aU8.44Q7, 152Q2
100 _aवजाहत, असगर
245 0 _aपाकिस्तान का मतलब क्या
246 _aPākistān kā matalab kyā
260 _aनई दिल्ली
_bभारतीय ज्ञानपीठ भारत
_c2012
300 _a103पृ0
_ccm.
490 _aलोकोदय ग्रन्थमाला
650 _aभारतीय-भूगोल
942 _hU8.44Q7, 152Q2
_cTEXL
_2cc
999 _c1019310
_d1019310